zpět

Detail výsledku týmu

Tiebreak - Štvanice, Praha

Datum a čas kvízu

40.5 Celkem bodů Celkový počet nahraných bodů na tomto kvízu bez doplňovacích otázek.
2. Pořadí na kvízu Konečné umístění týmu na tomto kvízu.

Zaznamenané odpovědi

# Otázka Odpověď Body Výsledky
1. Minulý týden se publicista a ř... kvůli alkoholu 0
2. Mladý chirurg z Tchaj-peje si... C) vasektomii (sterilizaci) 0
3. Minulý týden jsme se dozvěděli... Praha 0
4. Jak se nazývá zvířecí znamení... had 1
5. Minulý týden proběhl v estonsk... v krasobruslení 1
6. Začneme největšími společnými... Poupata, Michal David 1
7. Tento taneční fitness program... zumba 1
8. Cvičení na tomto „půlmíči“ je... BOSU 1
9. Jógu, přesněji řečeno hatha jó... ásany 1
10. Tato žena se narodila v roce 1... Jane Fonda 1